[Event "Pardubice Czech op-A 28th"]
[Site "Pardubice"]
[Date "2017.07.29"]
[Round "9"]
[White "Rydl, Jiri"]
[Black "Goluch, Piotr"]
[Result "1-0"]
[WhiteElo "2395"]
[BlackElo "2288"]
[PlyCount "103"]
[EventDate "2017.07.21"]
[EventType "swiss"]
[EventRounds "9"]
[EventCountry "CZE"]
[SourceTitle "CBM 179 Extra"]
[Source "ChessBase"]
[SourceDate "2017.08.23"]
[SourceVersion "1"]
[SourceVersionDate "2017.08.23"]
[SourceQuality "1"]

1. Nf3 d5 2. g3 Nf6 3. Bg2 g6 4. b3 Bg7 5. Bb2 0-0 6. c4 c6 7. 0-0 Nbd7 8. Qc2 Re8 9. Nc3 dxc4 10. bxc4 e5 11. d3 Nc5 12. Rfd1 Qc7 13. Nd2 Bf5 14. Nb3 Nxb3 15. axb3 a5 16. h3 e4 17. Nxe4 Nxe4 18. Bxg7 Nxg3 19. fxg3 Kxg7 20. e4 Bd7 21. Qc3+ f6 22. Rf1 Qb6+ 23. c5 Qd8 24. d4 b5 25. Rf2 b4 26. Qe3 Qe7 27. g4 Ra7 28. Qg3 Rf8 29. Raf1 Raa8 30. Qc7 Qd8 31. Qd6 Be8 32. e5 Qxd6 33. cxd6 Rd8 34. Ra1 Bf7 35. Rxa5 fxe5 36. dxe5 Bxb3 37. Bxc6 Be6 38. Ra7+ Kh6 39. Rxf8 Rxf8 40. Rb7 b3 41. Ba4 Rf3 42. Bxb3 Bxb3 43. Rxb3 Rxb3 44. d7 Rd3 45. e6 Kg7 46. e7 Rxd7 47. e8Q Rf7 48. Kg2 g5 49. Qe5+ Kg6 50. Qh8 Re7 51. Qg8+ Kf6 52. Qf8+ 1-0

[Event "Pardubice Czech op-A 28th"]
[Site "Pardubice"]
[Date "2017.07.21"]
[Round "1"]
[White "Rydl, Jiri"]
[Black "Farmani Anosheh, Yasha"]
[Result "1-0"]
[WhiteElo "2395"]
[BlackElo "2170"]
[PlyCount "55"]
[EventDate "2017.07.21"]
[EventType "swiss"]
[EventRounds "9"]
[EventCountry "CZE"]
[SourceTitle "CBM 179 Extra"]
[Source "ChessBase"]
[SourceDate "2017.08.23"]
[SourceVersion "1"]
[SourceVersionDate "2017.08.23"]
[SourceQuality "1"]

1. c4 c5 2. g3 Nc6 3. Bg2 g6 4. Nc3 Bg7 5. Nf3 e6 6. d4 cxd4 7. Nb5 d5 8. cxd5 Qa5+ 9. Qd2 Qxb5 10. dxc6 Ne7 11. Nxd4 Qb6 12. cxb7 Bxb7 13. Bxb7 Qxb7 14. Nf3 0-0 15. 0-0 Rfd8 16. Qa5 Nc6 17. Qa3 Qb5 18. Qe3 Rab8 19. Qe4 Nd4 20. Nxd4 Rxd4 21. Qc2 Rb4 22. Rb1 Bxb2 23. Bd2 Qxe2 24. Rfe1 Rc4 25. Rxb2 Rxb2 26. Qxb2 Qd3 27. Bf4 Qd7 28. Bh6 1-0

[Event "Prague Golden rap op 13th"]
[Site "Prague"]
[Date "2017.07.01"]
[Round "5"]
[White "Peyrer, Konstantin"]
[Black "Rydl, Jiri"]
[Result "0-1"]
[WhiteElo "1921"]
[BlackElo "2196"]
[PlyCount "86"]
[EventDate "2017.07.01"]
[EventType "swiss (rapid)"]
[EventRounds "7"]
[EventCountry "CZE"]
[SourceTitle "EXT 2018"]
[Source "ChessBase"]
[SourceDate "2017.10.13"]
[SourceVersion "1"]
[SourceVersionDate "2017.10.13"]
[SourceQuality "1"]

1. e3 d5 2. c4 c6 3. Nc3 Nf6 4. d4 e6 5. Nf3 Nbd7 6. Qc2 Bd6 7. Bd3 0-0 8. b3 Qe7 9. 0-0 Re8 10. Bb2 e5 11. cxd5 e4 12. Nxe4 Nxe4 13. dxc6 Nf8 14. Ne5 Nf6 15. Bb5 Rd8 16. Rac1 Ng6 17. Rfd1 a6 18. Bc4 Rf8 19. Nxg6 hxg6 20. d5 Bf5 21. Qc3 b5 22. Bf1 Rfe8 23. Qd4 Qc7 24. h3 Re5 25. Qc3 Rae8 26. Rd4 b4 27. Qc4 Be4 28. Rcd1 Rh5 29. R1d2 Rxh3 30. f3 Bxf3 31. Rh4 Rxh4 32. Qxh4 Be4 33. Bxf6 gxf6 34. Qxf6 Re5 35. Bxa6 Rh5 36. Bc4 Bh2+ 37. Kf1 Rf5+ 38. Rf2 Rxf6 39. Rxf6 Bd6 40. Ke2 Kg7 41. Rf1 f5 42. Rg1 Bc5 43. g3 Qe5 0-1